Нормален изглед
MARC изглед
- Каравелов, Любен Стойчев
Вход 01. Лично име
001 - Контролен номер на записа
- Контролно поле: 431119
003 - Код на организацията, даваща контролен номер
- Контролно поле: BLK
005 - Дата и час на последна промяна на записа
- Контролно поле: 20240312093525.0
008 - Данни с фиксирана дължина – обща информация
- Данни с фиксирана дължина : 200825|| aca||aabn | a|a d
100 ## - ИМЕ НА ЛИЦЕ -ПЪРВИЧНА ИНТЕЛЕКТУАЛНА ОТГОВОРНОСТ
- Лично име: Каравелов, Любен Стойчев
- Дати, свързани с автора: 1834-1879
- Друга информация: Писател, публицист, фолклорист, революционер
942 ## - Системна служебна употреба
- Koha auth type: PERSO_NAME